| 000 | 00675nam a22002057a 4500 | ||
|---|---|---|---|
| 005 | 20251108172639.0 | ||
| 008 | 250721s1998 xx 000 0 ara d | ||
| 020 | _a9772820455 | ||
| 082 | 1 | 4 | _a363.73/فلا |
| 100 | 1 | _aفلافين، كريستوفر | |
| 245 | 1 | 0 |
_aمناخ الأمل : _bإستراتيجيات جديدة من أجل إستقرار الجو في العالم / |
| 264 | 1 |
_aالقاهرة : _bالدار الدولية للنشر، _c1998. |
|
| 300 | _a128 ص. | ||
| 650 | 1 | 7 | _aحماية البيئة |
| 650 | 1 | 7 | _aتلوث الهواء |
| 650 | 1 | 7 | _aالمناخ |
| 650 | 1 | 7 | _aالأحوال الجوية |
| 942 |
_2ddc _cBK |
||
| 999 |
_c84898 _d84898 |
||